बैताल फिर डाल पर / (Record no. 44535)

MARC details
000 -LEADER
fixed length control field 01160nam a22002777a 4500
005 - DATE AND TIME OF LATEST TRANSACTION
control field 20100906104624.0
008 - FIXED-LENGTH DATA ELEMENTS--GENERAL INFORMATION
fixed length control field 100906t xxu||||| |||| 00| 0 hin d
010 ## - LCCN (DPL NO)
LC control number HIN-90397
020 ## - INTERNATIONAL STANDARD BOOK NUMBER
International Standard Book Number 9788188457694
Terms of availability 250.00
035 ## - SYSTEM CONTROL NUMBER
System control number HN-62743
037 ## - SOURCE OF ACQUISITION
Source of stock number/acquisition DBAD/PUN
040 ## - CATALOGING SOURCE
Original cataloging agency DPL
Language of cataloging HN
082 ## - DEWEY DECIMAL CLASSIFICATION NUMBER
Classification number
100 ## - MAIN ENTRY--PERSONAL NAME
9 (RLIN) 18464
Personal name सातपुते, आलोक कुमार
245 ## - TITLE STATEMENT
Title बैताल फिर डाल पर /
Statement of responsibility, etc आलोक कुमार सातपुते
246 ## - VARYING FORM OF TITLE
Title proper/short title Betal phir daal par
Remainder of title by Alok Kr. Satpute
260 ## - PUBLICATION, DISTRIBUTION, ETC. (IMPRINT)
Place of publication, distribution, etc नई दिल्ली
Name of publisher, distributor, etc कल्याणी शिक्षा परिषद
Date of publication, distribution, etc 2010
270 ## - ADDRESS
Address 3320-21, जटवाड़ा, दरियागंज
City नई दिल्ली
Postal code 110002
300 ## - PHYSICAL DESCRIPTION
Extent 160पृ.
Dimensions 22सेमी (सजिल्द)
650 ## - SUBJECT ADDED ENTRY--TOPICAL TERM
9 (RLIN) 1169
Topical term or geographic name as entry element लघु कथाएं, हिन्दी
650 ## - SUBJECT ADDED ENTRY--TOPICAL TERM
9 (RLIN) 18465
700 ## - ADDED ENTRY--PERSONAL NAME
9 (RLIN) 18865
700 ## - ADDED ENTRY--PERSONAL NAME
9 (RLIN) 18866
942 ## - ADDED ENTRY ELEMENTS (KOHA)
Source of classification or shelving scheme Dewey Decimal Classification
Item type Hindi Books
Classification part
Call number suffix सातपु
Holdings
Withdrawn status Lost status Source of classification or shelving scheme Damaged status Not for loan Collection code Home library Current library Date acquired Source of acquisition Cost, normal purchase price Total Checkouts Full call number Barcode Date last seen Copy number Cost, replacement price Koha item type
    Dewey Decimal Classification   Not For Loan Fiction D.B.Act.Division D.B.Act.Division 08/09/2010 DBAD / PUB 250.00   क सातपु HN-62743 08/09/2010 1 250.00 Hindi Books

© Delhi Public Library
Hit Counter
free hit counter